| 000 | 00748nam a22002177a 4500 | ||
|---|---|---|---|
| 999 |
_c8346 _d8346 |
||
| 001 | 8346 | ||
| 003 | BD-JhCC | ||
| 005 | 20180922131011.0 | ||
| 008 | 180222b2000 bg |||| |||| 000 0 ben d | ||
| 035 | _a(BD-JhCC)8346 | ||
| 040 |
_aBD-JhCC _dBD-JhCC |
||
| 041 | _aben | ||
| 082 |
_a540 _bKUN 2000 |
||
| 100 | _aকুণ্ডু, ড: কালিপদ | ||
| 245 |
_aউচচ মাধ্যমক রসায়ন দ্বিতীয় পত্র / _c ড: কালিপদ কুণ্ডু |
||
| 260 |
_aঢাকাঃ _bজাতীয় শিক্ষাক্রম ও পাঠ্যপুস্তক বোর্ড, _c2000. |
||
| 300 |
_a555 p. : _c24 cm. |
||
| 650 | _aChemistry | ||
| 942 |
_2ddc _cBK |
||